Les Simpson - Vrai ou Faux (célébrités) - Statistiques

Statistiques générales
  • Ce quiz a été pris 54 fois
  • Le résultat moyen est 10 sur 20
Statistiques - réponses
Question Réponse % Correct
Lady Gaga est déjà apparue dans la série Vrai
95%
Pharrell Williams est déjà apparu dans la série Vrai
84%
Paul McCartney est déjà apparu dans la série Vrai
79%
Jennifer Lawrence est déjà apparue dans la série Faux
74%
Stan Lee est déjà apparu dans la série Vrai
74%
Kate Winslet est déjà apparue dans la série Faux
63%
Gillian Anderson est déjà apparue dans la série Faux
63%
Buzz Aldrin est déjà apparu dans la série Vrai
58%
Stephen Hawking est déjà apparu dans la série Vrai
53%
Bruce Springsteen est déjà apparu dans la série Faux
47%
J.K. Rowling est déjà apparue dans la série Vrai
47%
George Lucas est déjà apparu dans la série Faux
42%
Leonard Nimoy est déjà apparu dans la série Vrai
42%
Robert Downey Jr. est déjà apparu dans la série Vrai
42%
Tom Cruise est déjà apparu dans la série Faux
37%
Leonardo DiCaprio est déjà apparu dans la série Vrai
37%
Will Smith est déjà apparu dans la série Faux
32%
Daniel Radcliffe est déjà apparu dans la série Vrai
26%
Michael Jackson est déjà apparu dans la série Faux
11%
Donald Trump est déjà apparu dans la série Faux
5%
Aucun quiz correspondant
Distribution des résultats
% des personnes avec chaque résultat
Percentile par nombre de réponses
Votre historique - résultats
Vous n’avez pas pris ce quiz